000
00273nam a2200109Ia 4500
008
230907s9999||||xx |||||||||||||| ||und||
082
_a
621.30286
_b
GRE
100
_a
Lin, Ming-Fa,
_9
116164
245
0
_a
Green energy materials handbook /
300
_a
pages cm
942
_c
BK
999
_c
601405
_d
601405